00675nam a2200241 a 4500001001300000003000900013005001700022008004100039020001000080082001600090100002200106245004200128260003600170300000900206500003500215505001500250650002200265700002200287902000800309942000700317952009400324999001500418nice12345678IN_TiNIC20260116011639.0050524s1960 agra grp 000 0 eng  ac9.500a922.97bCHO aChopra, Pran Nath aRafi Ahmad Kidwaib His Life and Work aAgrabAgarwal and Companyc1960 a227p aincludes index and biblioraphy2 aindex, ill aRafi Ahmed Kidwai1 aChopra, Pran Nath bSRS cBK 00104070aHMIbHMId2007-06-06g9.50l0o922.97 CHOp05786r2007-06-06w2026-01-16yEB c3117d3117